00266nam a2200097Ia 4500008004100000100002300041245004700064260003400111300000900145650001400154190216s9999||||xx |||||||||||||| ||und|| aSreekumaran Unni K 0aIndian Deshiyathyudae Samoohya Pachathalam bKerala Bhasha Institutec1973 a542p aEconomics